000 00566nam a2200229Ia 4500
003 OSt
005 20221005122935.0
006 a|||||r|||| 00| 0
007 ta
008 221004b |||||||| |||| 00| 0 tam d
024 _a52773
037 _cTextual
040 _aCRL
_cCRL
_btam
041 _2tam
_atam
082 _aV51,1y7C56, 31L6
100 _aViswanathan
_9205646
245 0 _aKaviyam kanda veeran
260 _c1976
650 _aHISTORY
942 _hV51,1y7C56, 31L6
_cTEXL
_2cc
999 _c1045843
_d1045843